| 000 | 00560nam a22001817a 4500 | ||
|---|---|---|---|
| 999 |
_c193542 _d193542 |
||
| 005 | 20221102114806.0 | ||
| 010 | _aENG-135586 | ||
| 020 |
_c450.00 _a978-93-86797-25-4 |
||
| 035 | _aEN-119118 | ||
| 037 | _bDBAD/PUB | ||
| 082 | _a324.70954 | ||
| 100 | _aSahgal, Priya | ||
| 245 |
_aContenders: Who will lead India tomorrow/ _cPriya Sahgal |
||
| 260 |
_c2018 _bSimon & Schuster _aNew Delhi |
||
| 270 |
_a818, Intraprastha Building, 21, Barakhmba Road _bNew Delhi _e110001 |
||
| 300 |
_a243p. _c21cm(pbk) |
||
| 942 |
_2ddc _cEN _mSAH _h324.70954 |
||